000 00661nam a22001937a 4500
003 OSt
005 20250207093948.0
008 250204s2011 ag ||||| |||| 00| 0 spa d
020 _a9789870421344
040 _cbesoc
100 _aCortázar, Julio,
_d1914-1984
_eautor
245 1 3 _aLos autonautas de la cosmopista :
_bo Un viaje atemporal París Marsella /
_cJulio Cortázar, Carol Dunlop ; dibujos de Stéphane Hébert
260 _aBuenos Aires :
_bAlfaguara,
_c2011
300 _a440 p.
654 4 _aLiteratura argentina
_vCrónicas
_ySiglo XX
700 1 _aDunlop, Carol,
_d1946-1982
700 1 _a Hébert, Stéphane,
_d1967-,
_eilustrador
942 _2udc
_cOG
_n0
999 _c425
_d425